Espace temps et gravitation (Record no. 58993)

MARC details
000 -LEADER
campo de control de longitud fija 00752nam a2200205 i 4500
001 - NÚMERO DE CONTROL
campo de control 58993
003 - IDENTIFICADOR DE NÚMERO DE CONTROL
campo de control ES-MaACL
005 - FECHA Y HORA DE LA ÚLTIMA TRANSACCIÓN
campo de control 20230906163933.0
007 - CAMPO FIJO DE DESCRIPCIÓN FÍSICA--INFORMACIÓN GENERAL
campo de control de longitud fija t|
008 - DATOS DE LONGITUD FIJA--INFORMACIÓN GENERAL
campo de control de longitud fija 031027s1921 fr |||| | fre d
100 1# - ENTRADA PRINCIPAL--NOMBRE DE PERSONA
Nombre de persona Eddington, Arthur Stanley
Títulos y otros términos asociados al nombre Sir.
9 (RLIN) 46616
245 10 - MENCIÓN DEL TÍTULO
Título Espace temps et gravitation
Resto del título : le theorie de la relativité generalisée dans les grandes lignes /
Mención de responsabilidad, etc. A.S. Eddington ; traduit de l'anglais par J. Rossignol ; avec une introduction de P. Langeroni.
260 ## - PUBLICACIÓN, DISTRIBUCIÓN, ETC.
Lugar de publicación, distribución, etc. Paris :
Nombre del editor, distribuidor, etc. [s.n.,
Fecha de publicación, distribución, etc. 1921] (
Fabricante Laval Barneoud)
300 ## - DESCRIPCIÓN FÍSICA
Extensión XII, 149 p. ;
Dimensiones 25 cm.
650 04 - PUNTO DE ACCESO ADICIONAL DE MATERIA--TÉRMINO DE MATERIA
Término de materia o nombre geográfico como elemento de entrada Relatividad (Física)
9 (RLIN) 16793
650 04 - PUNTO DE ACCESO ADICIONAL DE MATERIA--TÉRMINO DE MATERIA
Término de materia o nombre geográfico como elemento de entrada Espacio y tiempo.
9 (RLIN) 12462
700 1# - ENTRADA AGREGADA--NOMBRE PERSONAL
Nombre de persona Rossignol, J.
9 (RLIN) 99897
700 1# - ENTRADA AGREGADA--NOMBRE PERSONAL
Nombre de persona Langeroni, P.
9 (RLIN) 70040
852 ## - LOCALIZACIÓN
Ubicación ES-MaACL
Número de control de estantería A-226
Holdings
Estatus retirado Estado de pérdida Estado de daño No para préstamo Biblioteca de origen Biblioteca actual Ubicación en estantería Fecha de adquisición Fuente de adquisición Total de préstamos Signatura topográfica completa Código de barras Visto por última vez Precio de reemplazo Tipo de ítem Koha
        Biblioteca del Ateneo de Madrid Biblioteca del Ateneo de Madrid Sala Pecera Planta 1 17/01/2008     A-226 1061883 23/02/2023 23/02/2023 Libro impreso